000 00444nam a2200181Ia 4500
001 13356
005 20260306164755.0
008 260306t2010||||xx |||||||||||||| ||spa||
041 _aESP
082 _a001.42
_bV915
100 _aValarino, Elizabeth
_eAUT
245 0 _aMetodología de la investigación paso a paso
260 _c2010
300 _a309 páginas :
_c23 cm.
650 _aGEN
654 _aCHU
942 _cLIB
_dJUS
_fJUS
_2ddc
_n
999 _c13356
_d13356